| 000 | 00721nam a2200253Ia 4500 | ||
|---|---|---|---|
| 008 | 181129s9999 xx 000 0 und d | ||
| 020 | _a9780375760648 | ||
| 050 | _bT654 2005 | ||
| 100 | _aTolstoy, Leo | ||
| 245 | 0 | _aWar and peace / | |
| 245 | 0 | _cby Leo Tolstoy ; translated by Constance Garnett ; introduction by A.N. Wilson. | |
| 260 | _aNew York, NY : | ||
| 260 | _bThe Modern Library, | ||
| 260 | _c2002 | ||
| 300 | _a1388 pages : | ||
| 300 | _billustrations ; | ||
| 300 | _c20cm. | ||
| 650 | _aMilitary campaigns. | ||
| 650 | _aNappleonic Wars, 1800-1815 -- Campaigns -- Russia. | ||
| 650 | _aRussia -- History. | ||
| 700 | _aGarnett, Constance. | ||
| 700 | _aTitle. | ||
| 700 | _aWilson, A. N. | ||
| 999 |
_c360146 _d360146 |
||